Objavte v sebe dobrého rodiča ako sa stať rodičom, ktorým chcete byť

Salvato in:
Dettagli Bibliografici
Autore principale: Kennedy, Becky
Natura: Libro
Lingua:slovacco
Pubblicazione: Bratislava N Press 2023
Edizione:1. vydanie
Soggetti:
Tags: Aggiungi Tag
Nessun Tag, puoi essere il primo ad aggiungerne!!

MARC

LEADER 00000nam a2200000 4500
001 0299069
005 20240416114217.5
020 |a 978-80-8230-171-0 
041 0 |a slo 
044 |a SK 
245 1 0 |a Objavte v sebe dobrého rodiča  |b ako sa stať rodičom, ktorým chcete byť  |c Becky Kennedy 
250 |a 1. vydanie 
264 1 |a Bratislava  |b N Press  |c 2023 
300 |a 319 s. 
610 2 0 |a psychológia 
610 2 0 |a rodičovstvo 
610 2 0 |a emócie 
100 1 |a Kennedy, Becky